000 00221nam a22000857a 4500
008 160711b xxu||||| |||| 00| 0 eng d
100 _92567
_a Olmsted, M.S
245 _aThe Small Group
260 _aNew York
_b Random House
_c1959
999 _c2232
_d2232